000 00966nam a2200229Ia 4500
999 _c56055
_d56055
001 23155
003 GE_BSU
005 20230718150635.0
008 181216s1952||||ge |||||||||||||| ||geo||
040 _cGE_BSU
041 _ageo
080 _a821.133.1-31 ზ-79
100 _aზოლა, ემილ
_919410
245 _aფული :
_b რომანი /
_cემილ ზოლა ; წინასიტყვ. ავტ. მ. კვესელავა ; მთარგმნ. ნუნუ ქადეიშვილი ; რედ. გ. ქიქოძე.
264 _aთბილისი :
_bსახელგამი,
_c1952.
300 _a508 გვ. ;
_c21სმ.
541 _h1ლ. 42 თ.
653 _aფული : რომანი
700 _aქადეიშვილი, ნუნუ
_eმთარგმნელი
_919411
700 _aქიქოძე, გ.
_eრედაქტორი
_919412
942 _cBK
_2udc